| Tag |
First Indicator |
Second Indicator |
Subfields |
| LEADER |
00000cam a2200000 i 4500 |
| 001 |
in00000063799 |
| 005 |
20151008050654.0 |
| 008 |
800501s1973 ilua 00010 eng d |
| 020 |
|
|
|z 87345233x
|
| 035 |
|
|
|a (OCoLC)06270313
|
| 035 |
|
|
|9 AAG2518AM
|
| 040 |
|
|
|a TXA
|c TXA
|d UtOrBLW
|
| 049 |
|
|
|a [Curr Col] TXAM
|c [1632165]
|
| 090 |
|
|
|a Z252.5.O5
|b C6 1973, Guide
|
| 100 |
1 |
|
|a Cogoli, John E.
|
| 245 |
1 |
0 |
|a Photo-offset fundamentals : study guide /
|c John E. Cogoli.
|
| 250 |
|
|
|a 2d ed.
|
| 264 |
|
1 |
|a Bloomington, Ill. :
|b McKnight Pub. Co.,
|c [1973]
|
| 264 |
|
4 |
|c ©1973
|
| 300 |
|
|
|a vi, 126 pages :
|b illustrations ;
|c 26 cm.
|
| 336 |
|
|
|a text
|b txt
|2 rdacontent
|
| 337 |
|
|
|a unmediated
|b n
|2 rdamedia
|
| 338 |
|
|
|a volume
|b nc
|2 rdacarrier
|
| 500 |
|
|
|a "Planned for use with the third edition of the book Photo-offset fundamentals."
|
| 500 |
|
|
|a Gr. 10-12.
|
| 650 |
|
0 |
|a Offset printing.
|
| 999 |
|
|
|a MARS
|
| 999 |
f |
f |
|s 23ce99d9-84d0-3ab3-8276-1101d72a56ac
|i c987fb46-f1c1-303d-a7cf-bcca3d407845
|t 0
|
| 952 |
f |
f |
|p ric
|a Texas A&M University
|b Rellis Campus
|c Joint Library Facility
|d Remote Storage
|t 0
|e Z252.5.O5 C6 1973, Guide
|h Library of Congress classification
|i unmediated -- volume
|m A14800265225
|
| 998 |
f |
f |
|a Z252.5.O5 C6 1973, Guide
|t 0
|l Remote Storage
|